| 000 | 01898nam a2200229Ia 4500 | ||
|---|---|---|---|
| 003 | Ost | ||
| 005 | 20260507075628.0 | ||
| 008 | 260507s9999||||xx |||||||||||||| ||und|| | ||
| 020 | _a9789931033707 | ||
| 040 | _cfsecg | ||
| 041 | _aara | ||
| 082 | _a332.6 | ||
| 100 |
_aمعيزي، قويدر _eمؤلف |
||
| 245 | 0 |
_aدروس وتمارين في الرياضيات المالية / _c قويدر معيزي |
|
| 260 |
_aالجزائر: _bدار هومة, _c2018 |
||
| 300 |
_a230 صفحة؛ _bجداول _c24 سم |
||
| 504 | _aمراجع ص.225 | ||
| 520 | _aالفائدة البسيطة، تعريفها، عناصرها وطرق حسابها،والخصم التجاري مع القيمة الحالية التجارية والقيمة الحالية الصافية، كذلك تكافؤ الأوراق التجارية وتسوية الديون واستبدالها، وأيضا تعريف الفائدة المركبة والعلاقة الأساسية لها مع تقييم مبلغ مالي في أي فترة زمنية ما. والدفعات المتساوية الثابتة في نهاية المدة (دفعات السداد)، كذلك اهتلاك القرض العادي مع تعريفه وعناصره بالاضافة الى العلاقة بين عناصره وقانون حساب الفوائد وفي الاخير اختيار الاستثمارات والعوامل المؤثرة مع معايير اختيارها. وتمارين الفائدة البسيطة والخصم التجاري، وتمارين تكافؤ الأوراق التجارية، والفائدة المركبة مع تمارين الدفعات السنوية الثابتة وكذلك اهتلاك القرض عادي وتمارين اختيار الاستثمارات. | ||
| 653 | _aاستثمارات- رياضيات | ||
| 653 | _aالرياضيات المالية | ||
| 942 | _cكتاب | ||
| 999 |
_c45183 _d45183 |
||